Posilnenie postavenia a konkurencieschopnosti malých podnikov prostredníctvom špecifických marketingových nástrojov
Vývoj počtu živností na Slovensku. V slovenskej ekonomike je podiel malých firiem porovnateľný s ostatnými krajinami. Malý podnik by sa mal v snahe o posilnenie postavenia na trhu zamerať predovšetkým na zefektívnenie vlastnej produktivity, distribučnej politiky a efektívne využitie informačných tec...
Guardado en:
| Autor principal: | |
|---|---|
| Formato: | Capítulo de libro |
| Lenguaje: | eslovaco |
| Materias: | |
| Etiquetas: |
Sin Etiquetas, Sea el primero en etiquetar este registro!
|
MARC
| LEADER | 00000naa$a2200000$$$4500 | ||
|---|---|---|---|
| 001 | 0120915 | ||
| 005 | 20240502072354.0 | ||
| 041 | 0 | |a slo | |
| 044 | |a SK | ||
| 245 | 1 | 0 | |a Posilnenie postavenia a konkurencieschopnosti malých podnikov prostredníctvom špecifických marketingových nástrojov |c Denisa Gajdová |
| 520 | |a Vývoj počtu živností na Slovensku. V slovenskej ekonomike je podiel malých firiem porovnateľný s ostatnými krajinami. Malý podnik by sa mal v snahe o posilnenie postavenia na trhu zamerať predovšetkým na zefektívnenie vlastnej produktivity, distribučnej politiky a efektívne využitie informačných technológií. | ||
| 610 | 2 | 0 | |a podnik malý |
| 610 | 2 | 0 | |a podnik stredný |
| 610 | 2 | 0 | |a konkurencieschopnosť |
| 610 | 2 | 0 | |a kooperácia |
| 610 | 2 | 0 | |a technológie informačné |
| 610 | 2 | 0 | |a nástroje marketingové |
| 100 | 1 | |a Gajdová, Denisa, 1977- | |